000 00666nam a22001937a 4500
999 _c17869
_d17869
003 OSt
005 20230126160617.0
008 230126b ||||| |||| 00| 0 eng d
040 _c0
082 _aDPer 370.5 M720 June - December 2017 v66 no. 1-7
100 _aSaquing, Judelly Urbi
_eauthor.
_947503
245 _aScouting celebration :
_ba school and community affair /
_cJudelly Urbi Saquing
260 _aPhilippines :
_bPapi Publishers, Inc.,
_cOctober 2017.
300 _avolume 66, pages 192-193.
650 _aScouts and Scouting.
_947504
650 _aStudent activities.
_947310
700 _aSaquing, Judelly Urbi
_eauthor.
_947503
942 _2ddc
_cPER